| 000 | 00630nam a2200181 4500 | ||
|---|---|---|---|
| 999 |
_c164873 _d164873 |
||
| 005 | 20190529173729.0 | ||
| 010 | _aENG-125371 | ||
| 020 |
_c9789381325070 _a75.00 |
||
| 035 | _aEN-108903 | ||
| 037 | _bDBAD/PUB | ||
| 082 | _a230.35 | ||
| 100 | _aTathagatananda, Swami | ||
| 245 |
_aSome inspiring illustrations of: _cby Pujyam Kameswara Sarma _bSri Ramakrishna holy mother and swamiji and their love/ |
||
| 260 |
_aKolkata _bSwami Sarvabhutananda _c2011 |
||
| 270 |
_aSecretary Ramakrishna Mission Institute of Culture, _bKolkata _e700029 |
||
| 300 |
_a320p _bill. _c21cm(pbk) |
||
| 942 |
_2ddc _cEN _h230.35 _mTAT |
||